Report of the Select Committee on metropolis improvements (Record no. 114668)

MARC details
000 -LEADER
fixed length control field 00749cam a22001935a 4500
001 - CONTROL NUMBER
control field L157241
008 - FIXED-LENGTH DATA ELEMENTS--GENERAL INFORMATION
fixed length control field 121004m18361841xxk f 000 0 eng d
035 ## - SYSTEM CONTROL NUMBER
System control number (Sirsi) u157241
041 0# - LANGUAGE CODE
Language code of text/sound track or separate title eng
110 2# - MAIN ENTRY--CORPORATE NAME
Corporate name or jurisdiction name as entry element United Kingdom
Subordinate unit Parliament
-- House of Commons
9 (RLIN) 2119
245 00 - TITLE STATEMENT
Title Report of the Select Committee on metropolis improvements
Remainder of title with the minutes of evidence and appendix
260 ## - PUBLICATION, DISTRIBUTION, ETC.
Place of publication, distribution, etc. [London]
Name of publisher, distributor, etc. Ordered, by the House of Commons, to be printed
Date of publication, distribution, etc. 2 August 1836
300 ## - PHYSICAL DESCRIPTION
Extent 1 v.
Dimensions 34 cm.
520 ## - SUMMARY, ETC.
Summary, etc. Volume contains a number of reports bound together, togeter with manuscript notes.
583 ## - ACTION NOTE
Action Condition reviewed
Time/date of action 20120620
Status condition level 4
651 #4 - SUBJECT ADDED ENTRY--GEOGRAPHIC NAME
Geographic name Great Britain
Chronological subdivision 1707-
690 ## - LOCAL SUBJECT ADDED ENTRY--TOPICAL TERM (OCLC, RLIN)
Topical term or geographic name as entry element Planning and development
9 (RLIN) 6259
942 ## - ADDED ENTRY ELEMENTS (KOHA)
Suppress in OPAC 0
Holdings
Withdrawn status Lost status Source of classification or shelving scheme Damaged status Not for loan Home library Current library Shelving location Date acquired Total Checkouts Full call number Barcode Date last seen Copy number Price effective from Koha item type
    Dewey Decimal Classification     Historic collection Historic collection Historic collection 04/10/2012   FOLIO 1836 HOUSE 30077752 06/08/2019 1 06/08/2019 Book